TV Cartoons by Ghost Quiz Stats

 Plays Quiz Updated Oct 24, 2015

Score 0/20 Timer 08:00
6 Plays Today
% Correct
Scooby-Doo, Where Are You!
99%
Batman: The Animated Series
98.2%
The Simpsons
98.1%
SpongeBob SquarePants
98%
It's the Great Pumpkin, Charlie Brown
96.9%
Popeye the Sailor
96.8%
The Spooktacular New Adventures of Casper
96.4%
Family Guy
94.9%
Rugrats
94.4%
Boo to You Too! Winnie the Pooh
92.7%
% Correct
Teenage Mutant Ninja Turtles
92%
My Little Pony: Friendship is Magic
89.5%
South Park
86.4%
American Dad
86.1%
Pac-Man and the Ghostly Adventures
84.3%
The Real Ghostbusters
79.5%
The Looney Tunes Show
77.6%
Adventure Time
61.8%
Danny Phantom
35.9%
Hey Arnold!
24.9%

You're not logged in!

Compare scores with friends on all Sporcle quizzes.
OR
Log In

Show Comments

Extras

Top Quizzes Today


Score Distribution

Your Account Isn't Verified!

In order to create a playlist on Sporcle, you need to verify the email address you used during registration. Go to your Sporcle Settings to finish the process.

Report this User

Report this user for behavior that violates our Community Guidelines.

Details: